Les 10 plus grosses compagnies maritimes (2026) - Statistiques

Statistiques générales
  • Ce quiz a été pris 14 fois
  • Le résultat moyen est 3 sur 10
Statistiques - réponses
Classement Compagnies % Correct
3 CMA CGM
90%
1 MSC
70%
2 Maersk
50%
4 COSCO
30%
5 Hapag-Lloyd
30%
9 ZIM
30%
6 ONE
20%
8 HMM
10%
10 Yang Ming
10%
7 Evergreen marine
0%
Aucun quiz correspondant
Distribution des résultats
% des personnes avec chaque résultat
Percentile par nombre de réponses
Votre historique - résultats
Vous n’avez pas pris ce quiz